El español de América

Saved in:
Bibliografiske detaljer
Main Authors: Hernández, C (Author), Granda, G. de (Author), Hoyos, C (Author), Fernández, V (Author), Dietrick, D (Author), Carballera, Y (Author)
Format: Bog
Sprog:spansk
Udgivet: Salamanca Junta de Castilla y Léon 1991
Fag:
Tags: Tilføj Tag
Ingen Tags, Vær først til at tagge denne postø!

MARC

LEADER 00000cam a2200000 a 4500
001 UCQ5448
003 CL-VaPUC
005 20250312125710.0
008 980925e19910000sp 1 spa d
082 0 4 |a 467.9  |b HER  |2 21 
100 1 |a Hernández, C  |e author  |9 619126 
700 1 |a Granda, G. de  |e author  |9 619127 
700 1 |a Hoyos, C  |e author  |9 619128 
700 1 |a Fernández, V  |e author  |9 619129 
700 1 |a Dietrick, D  |e author  |9 619130 
700 1 |a Carballera, Y  |e author  |9 619131 
245 1 3 |a El español de América 
260 |a Salamanca  |b Junta de Castilla y Léon  |c 1991 
300 |a 3 v 
583 |a last modification  |c 20160826 10:50:26  |k Rodrigo Vera 
650 0 0 |a Idioma español  |9 309143 
650 0 0 |a Gramática  |9 270497 
650 0 0 |a Lexicografía  |9 321487 
650 0 0 |a Sociolingüística  |9 263716 
650 0 0 |a Etnolingüística  |9 341076 
650 0 0 |a Psicolingüística   |9 283371 
651 0 |a América  |9 255182 
942 |c BK 
945 |a lriquelm  |d 19980925 00:00:00 
546 |a En Español 
518 |p Actas del Congreso Internacional de El español de américa, 3 al 9 de julio, 1989 
999 |c 383263  |d 383261 
952 |0 0  |1 0  |4 0  |6 467_900000000000000_HER_1991  |7 0  |8 A  |9 505327  |a FDOPOS  |b FDOPOS  |d 2020-01-23  |h v.1  |i 1471287  |o 467.9 HER 1991  |p 1471287  |r 2025-01-22  |w 2020-01-23  |y BK  |k MLA 
952 |0 0  |1 0  |4 0  |6 467_900000000000000_HER_1991  |7 0  |8 A  |9 505328  |a FDOPOS  |b FDOPOS  |d 2020-01-23  |h v.2  |i 1471392  |o 467.9 HER 1991  |p 1471392  |r 2025-01-22  |w 2020-01-23  |y BK  |k MLA 
952 |0 0  |1 0  |4 0  |6 467_900000000000000_HER_1991  |7 0  |8 A  |9 505329  |a FDOPOS  |b FDOPOS  |d 2020-01-23  |h v.3  |i 1471341  |o 467.9 HER 1991  |p 1471341  |r 2025-01-22  |w 2020-01-23  |y BK  |k MLA 
952 |0 0  |1 0  |4 0  |6 467_900000000000000_HER_1991  |7 0  |8 A  |9 505330  |a FDOPOS  |b FDOPOS  |d 2020-01-23  |h v.2  |i 4275004  |o 467.9 HER 1991  |p 4275004  |r 2025-01-22  |w 2020-01-23  |y BK  |k MLA 
952 |0 0  |1 0  |4 0  |6 467_900000000000000_HER_1991  |7 0  |8 A  |9 505331  |a FDOPOS  |b FDOPOS  |d 2020-01-23  |h v.3  |i 4275012  |o 467.9 HER 1991  |p 4275012  |r 2025-01-22  |w 2020-01-23  |y BK  |k MLA 
952 |0 0  |1 0  |4 0  |6 467_900000000000000_HER_1991  |7 0  |8 A  |9 505332  |a FDOPOS  |b FDOPOS  |d 2020-01-23  |h v.1  |i 4274725  |o 467.9 HER 1991  |p 4274725  |r 2025-01-22  |w 2020-01-23  |y BK  |k MLA 
952 |0 0  |1 0  |3 erb  |4 0  |6 467_900000000000000_HER_1991  |7 0  |8 A  |9 505333  |a BIBEDU  |b BIBEDU  |h v.1  |i 5149258  |o 467.9 HER 1991  |p 5149258  |r 2020-01-23  |w 2020-01-23  |y BK  |z Catalogado en:20150514  |k LIT 
952 |0 0  |1 0  |3 erb  |4 0  |6 467_900000000000000_HER_1991  |7 0  |8 A  |9 505334  |a BIBEDU  |b BIBEDU  |h v.2  |i 5149266  |o 467.9 HER 1991  |p 5149266  |r 2020-01-23  |w 2020-01-23  |y BK  |z Catalogado en:20150514  |k LIT 
952 |0 0  |1 0  |3 erb  |4 0  |6 467_900000000000000_HER_1991  |7 0  |8 A  |9 505335  |a BIBEDU  |b BIBEDU  |h v.3  |i 5149274  |o 467.9 HER 1991  |p 5149274  |r 2020-01-23  |w 2020-01-23  |y BK  |z Catalogado en:20150514  |k LIT